Prečo rušíme spoje najekologickejšej dopravy?
| Format: | Article |
|---|---|
| Language: | Slovak |
| Subjects: |
MARC
| LEADER | 00000nab a2200000 a 4500 | ||
|---|---|---|---|
| 001 | vtls001021096 | ||
| 003 | SK-MaSNL | ||
| 005 | 20260304195436.0 | ||
| 008 | 040720e19960109xo 0 slo | ||
| 035 | |a SN6992 | ||
| 040 | |a SNSK |b slo |c SNSK |e AACR2 | ||
| 041 | 0 | |a slo | |
| 044 | |a xo |c SK | ||
| 080 | |a 656.2 |2 1981 | ||
| 245 | 0 | 0 | |a Prečo rušíme spoje najekologickejšej dopravy? |
| 650 | 0 | 7 | |a železničná doprava |2 SNSK |9 3185 |
| 651 | 7 | |a Slovensko východné |2 SNSK | |
| 773 | 0 | 8 | |t Obecné noviny |g Roč. 6, č.1-2, 9.1.1996, s. 5 |
| 852 | |a ZVYKNI |b KIS3GCP | ||
| 999 | |c 3081521 |d 3083451 | ||


